| 000 | 01845cam a22002895a 4500 | ||
|---|---|---|---|
| 001 | L159754 | ||
| 008 | 171219s2017 xxk f 000 0 eng d | ||
| 020 | _a9789251300695 | ||
| 035 | _a(Sirsi) u159754 | ||
| 041 | _aeng | ||
| 050 | _a333.32 $2 18 | ||
| 050 | 0 | 4 | _a333.332 $2 18 |
| 110 | _aFood and Agriculture Organization of the United Nations | ||
| 245 |
_aValuing land tenure rights _bA technical guide on valuing land tenure rights in line with the Voluntary Guidelines on the responsible governance of tenure of land, fisheries and forests in the context of National Food Security _h[electronic resource] |
||
| 260 | _c2017 | ||
| 490 | 0 |
_aGovernance of Tenure Technical Guide _v11 |
|
| 520 | _aAimed predominantly at developing countries, it is a set of recommendations for valuation that comply with international norms in relation to fairness, transparency, gender equality and free prior informed consent. It provides examples of why land valuations are needed for food security as well as to protect social and religious activities, all of which are vulnerable to urban expansion, increased cultivation, climate change and conflict. It also lays out how valuations are undertaken in countries where land tenure rights might be formalised and in countries where land rights are customary. To help better manage land ? as a resource for sustainable use and as a habitat for protection ? the guide explains how to consider its value both in purely economic terms and in wider social and environmental terms. | ||
| 650 | _aDEVELOPING COUNTRIES | ||
| 650 | _aLAND TENURE | ||
| 650 | _aPROPERTY RIGHTS | ||
| 650 | _aURBAN LAND | ||
| 651 | 4 | _aInternational | |
| 690 |
_aValuation _96273 |
||
| 856 | 4 | 0 |
_uhttps://www.fao.org/3/a-I8252e.pdf _zView the guide free of charge at www.fao.org |
| 942 | _n0 | ||
| 948 | _c19/05/1997 | ||
| 999 |
_c116102 _d116102 |
||